00388nam a2200121 i 4500001000300000245006800003260002100071040000800092041000800100080001900108008004100127856009800168bg 0aĆwiczenia laboratoryjne z chemii ogólnej :bpraca zbiorowa. aGdańsk,c1978. cBPK apol a54(075.8)(076) s pl f |000 0 pol  uhttp://koha.tu.koszalin.pl/cgi-bin/koha/opac-detail.pl?biblionumber=17745yKatalog online BPK